00798nam a2200241 a 4500003000900000005001700009008004100026020001800067040002800085043001200113100002000125245004300145250005200188260003600240300004100276490002200317490002300339650004100362650004100403650004500444650004200489700002500531CO-ViMGA20230915233129.0140929s2015 ck a jr 0001j spa d a9789581414451 aCO-ViMGAbspacCO-ViMGA ae-sp---10aZurera, Antonio10aA Alex le gusta leer cAntonio Zurera aEdicin̤ especial para El Ministerio de Cultura aBogotábPlaza & Jǹes c2015 a[28] pg̀inasbilustracionesc22 cm.1 aEl gato y la luna1 aLeer es mi cuento 14aCuentos infantiles españoles2LEMB14aLibros ilustrados para niños2LEMB14aLibros y lectura en la literatura 2LEMB14aLiteratura infantil españoles2LEMB10aCaro, Isabeleeditor